000 01183pam a2200313 a 4500
005 20260322212004.0
008 data
010 _a 90005452
020 _a0671700146 (hardcover) :
_c{dollar}13.95 ({dollar}18.95 Can.)
020 _a0671700138
020 _a9780671700133
020 _a9780671700140 (hardcover) :
_c{dollar}13.95 ({dollar}18.95 Can.)
040 _aDLC
_cDLC
_dDLC
042 _alcac
050 0 0 _aQB401.5
_b.K453 1990
082 0 0 _a523.9/8
_220
092 _a523.9 K453 1990
100 1 _aKelch, Joseph W.,
_d1958-
245 1 0 _aSmall worlds :
_bexploring the 60 moons of our solar system /
_cJoseph W. Kelch.
260 _aEnglewood Cliffs, NJ :
_bJ. Messner,
_cc1990.
300 _a157 p., [8] p. of plates :
_bill. (some col.) ;
_c26 cm.
500 _aIncludes index.
520 _aDiscusses the origin and characteristics of each of the moons circling the planets of the solar system and presents information on both manned and unmanned space exploration.
650 0 _aSatellites
_xJuvenile literature.
650 1 _aSatellites.
651 0 _aOuter space
_xJuvenile literature.
_xJuvenile literature.
651 1 _aOuter space
_xExploration.
001 data
999 _c57
_d57